| 000 | 01120cam a2200337 a 4500 | ||
|---|---|---|---|
| 001 | 114395 | ||
| 005 | 20230410143351.0 | ||
| 008 | 961226s1996 mx b s000 0 spa | ||
| 035 | _a2120792 | ||
| 942 |
_2lcc _cbk |
||
| 010 | _a96232669 | ||
| 020 | _a9684962487 | ||
| 035 | _9(DLC) 96232669 | ||
| 040 |
_aDLC _cDLC _dDLC |
||
| 041 | _aspa | ||
| 043 | _an-mx--- | ||
| 050 | 1 | 4 |
_aF1219.3.F6 _bM777 1996 |
| 100 | 1 |
_aMontemayor, Carlos, _d1947-2010. |
|
| 245 | 1 | 3 |
_aEl cuento indígena de tradición oral : _bnotas sobre sus fuentes y clasificaciones / _cCarlos Montemayor. |
| 260 |
_aOaxaca : _bCentro de Investigaciones y Estudios Superiores en Antropología Social (CIESAS), Instituto Oaxaqueño de las Culturas (IOC), _c1996. |
||
| 300 |
_a143 p. ; _c23 cm. |
||
| 490 | 1 | _aEnsayo | |
| 504 | _aIncludes bibliographical references (p. 131-143). | ||
| 650 | 4 | _aCRV | |
| 650 | 4 | _aColección René Villarreal | |
| 650 | 0 |
_aIndians of Mexico _xFolklore. |
|
| 650 | 0 |
_aTales _zMexico _xHistory and criticism. |
|
| 830 | 0 | _aEnsayo (Instituto Oaxaqueäno de las Culturas) | |
| 922 | _aap | ||
| 946 | _almd | ||
| 999 |
_c100407 _d100407 |
||